| 000 | 00444nam a2200169Ia 4500 | ||
|---|---|---|---|
| 008 | 210210b2002 xxu||||| |||| 00| 0 eng d | ||
| 020 | _a81 7391 517 2 | ||
| 082 | _a070.4 GUPI | ||
| 100 | _aGUPTA (O M) | ||
| 245 | _aInternet journalism in India. | ||
| 260 |
_aND _bKanishka publishers and distributors _c2002 |
||
| 300 | _avi,106 | ||
| 650 | _aInternet Journalism | ||
| 690 | _aJournalism | ||
| 700 | _aJASRA (Ajay S). | ||
| 906 | _a058577 | ||
| 999 |
_c105752 _d105752 |
||